Statistiken für Berühmte Menschen aus Nordrhein-Westfalen

Klicken Sie hier um das Quiz zu spielen!

Allgemein

  • Dieses Quiz wurde 120 mal gespielt
  • Das Durchschnittsergebnis liegt bei 14 aus 20

Antwortstatistiken

HintAntwort% Korrekt
Formel 1 Pilot, Weltmeister 94, 95, 00, 01, 02, 03, 04; schwerer Skiunfall 2013Michael Schumacher
97%
Erster Bundeskanzler der BundesrepublikKonrad Adenauer
96%
Komponist: 9 Symphonien, Mondscheinsonate, Für EliseLudwig van Beethoven
96%
Sänger: Mensch, Männer, Bochum, Flugzeuge im Bauch, Alkohol, CurrywurstHerbert Grönemeyer
87%
Fernsehmoderator (TV Total), schuf Formate wie die Wok WM, das TV total Turmspringen, Bundesvision Song ContestStefan Raab
85%
Punkband: Hier kommt Alex, An Tagen wie diesen, Wünsch dir was, 10 kleine Jägermeister, Bonnie und ClydeDie Toten Hosen
82%
Lehrer und Philologe, gab das mittlerweile als Standard geltende deutsche Wörterbuch heraus, welches seinen Namen trägtKonrad Duden
82%
Amtierender Bundespräsident; Außenminister 05-09 und 13-17Frank-Walter Steinmeier
79%
Feministin, Gründerin und Herausgeberin des Magazins EmmaAlice Schwarzer
74%
Kommunistischer Denker und Fabrikant, schrieb mit Karl Marx das kommunistische ManifestFriedrich Engels
72%
Propagandaminister des dritten ReichesJoseph Goebbels
69%
Fußballmittelfeldspieler: Gladbach (63-73), Real Madrid (73-76), ehemaliger ARD-Experte an der Seite von Gerhard DellingGünter Netzer
68%
SPD-Politiker, Ministerpräsident NRWs von 78-98, Bundespräsident 99-04Johannes Rau
66%
Schlagersänger: Wahnsinn; Ruhrgebiet; Bronze, Silber und Gold; Verlieben, verloren, vergessen, verzeih’nWolfgang Petry
64%
Fußball-Verteidiger: Gladbach 65-79, Weltmeister 74; Trainer Deutschlands 90-98, genannt "Der Terrier"Berti Vogts
55%
Fernsehmoderator: hart aber fair, PaarduellFrank Plasberg
55%
Handballspieler (Gummersbach 59-87) und Trainer der Nationalmannschaft von 97-11, Walrossbart, Weltmeister 2007Heiner Brand
49%
Schriftsteller: Deutschland. Ein Wintermärchen; Die schlesischen Weber; Nachtgedanken; Die HarzreiseHeinrich Heine
38%
Schriftsteller: Ansichten eines Clowns, Haus ohne Hüter, Katharina Blum, Gruppenbild mit DameHeinrich Böll
32%
Tänzerin und Choreografin, Direktorin des Tanztheaters Wuppertal 1973-2009Pina Bausch
22%

Verteilung der Resultate

Perzentil nach korrekt beantworteten Fragen

Anzahl Personen mit jedem Resultat

Ihre Resultats-Entwicklung

Sie haben dieses Quiz noch nicht gespielt